| 000 | nas a22 a 4500 | ||
|---|---|---|---|
| 999 |
_c2221 _d2221 |
||
| 003 | AKMAL | ||
| 005 | 20170515155458.0 | ||
| 008 | 170515 2000 my pc r 0 eng d | ||
| 020 |
_a9676111384 (kkt.): _cRM25.00 |
||
| 022 | _a1675-0918 | ||
| 040 |
_aAKMAL _cAKMAL |
||
| 043 | _aa-my--- | ||
| 049 | 0 | 0 | _amal |
| 082 | 0 | 4 |
_a378.595 DIR _221 |
| 090 | 0 | 0 |
_a378.595 _bDIR |
| 090 | 0 | 0 |
_a378.595 _bDIR |
| 245 | 0 | 0 | _aDirectory of higher education Malaysia |
| 260 |
_aKuala Lumpur : _bUtusan Publication, _c2000- |
||
| 300 | 0 | 0 |
_av. : _bill. ; _c30 cm. |
| 310 | _aAnnual | ||
| 362 | 0 | 0 | _a1st. ed.- |
| 500 | _aDescription based on: 2nd. ed. | ||
| 650 | 0 |
_aEducation, Higher _vDirectories _94674 |
|
| 650 | 0 |
_aVocational guidance _xDirectories _zMalaysia _94675 |
|
| 942 |
_2ddc _cBOOK |
||